[Event "AUTO-MASTER-1337"]
[Site "http://www.queenalice.com/game.php?id=895662"]
[Date "2011.2.4"]
[Round "1"]
[White "Abilio"]
[Black "beckhamf2000"]
[Result "1-0"]
[WhiteElo "2138"]
[BlackElo "2000"]

1. e4 c5 2. Nf3 Nc6 3. d4 cxd4 4. Nxd4 Nf6 5. Nc3 e5 6. Nxc6 bxc6 7. Bc4 Bb4 8.
O-O Bxc3 9. bxc3 Nxe4 10. Qg4 d5 11. Qxg7 Qf6 12. Qxf6 Nxf6 13. Bd3 Rg8 14. Re1
e4 15. Rb1 Kd8 16. Bf1 Ng4 17. Bf4 f5 18. c4 d4 19. h3 Nf6 20. Be5 Ke7 21. Bxd4
f4 22. Bxf6+ Kxf6 23. Rxe4 Bxh3 24. Rxf4+ Ke5 25. Rf7 h5 26. Re1+ Kd4 27. c3+
Kxc3 28. Rf3+ 1-0

[Event "AUTO-MASTER-1337"]
[Site "http://www.queenalice.com/game.php?id=895663"]
[Date "2011.2.4"]
[Round "1"]
[White "beckhamf2000"]
[Black "Abilio"]
[Result "0-1"]
[WhiteElo "2042"]
[BlackElo "2105"]

1. d4 Nf6 2. c4 g6 3. Nc3 d5 4. Bf4 Nh5 5. Nxd5 Nxf4 6. Nxf4 e5 7. Nd3 exd4 8.
Nf3 Bg7 9. Qd2 O-O 10. O-O-O Be6 11. Nde5 c5 12. e3 Qc7 13. exd4 cxd4 14. Qxd4
Nc6 15. Qc5 Bxe5 16. Nxe5 Qxe5 0-1

[Event "AUTO-MASTER-1337"]
[Site "http://www.queenalice.com/game.php?id=895664"]
[Date "2011.2.4"]
[Round "1"]
[White "Abilio"]
[Black "Donyelko"]
[Result "1-0"]
[WhiteElo "2115"]
[BlackElo "2082"]

1. d4 d5 2. Nf3 Nc6 3. e3 a6 4. Bd3 Nf6 5. O-O Bg4 6. h3 Bxf3 7. Qxf3 Nb4 8. Nc3
Nxd3 9. cxd3 e6 10. e4 Be7 11. e5 Nd7 12. Qg3 g6 13. Bh6 Bf8 14. Bxf8 Nxf8 15.
Qf4 Nd7 16. Rae1 Qe7 17. a3 O-O-O 18. Re2 g5 19. Qc1 Rdg8 20. Rc2 g4 21. hxg4
Rxg4 22. f3 Rg6 23. Ne2 c6 24. Nf4 Rg5 25. Nh3 Rh5 26. Rxc6+ bxc6 27. Qxc6+ Kb8
28. Rc1 Qd8 29. Qd6+ Kb7 30. Qc6+ Kb8 31. Qd6+ Ka7 32. Rc7+ Qxc7 33. Qxc7+ Ka8
34. Qc6+ Kb8 35. Qxd7 Rf5 36. Qd6+ Ka7 37. Qe7+ Kb6 38. Ng5 Rg8 39. Nxe6 Rxf3
40. Qc7+ 1-0

[Event "AUTO-MASTER-1337"]
[Site "http://www.queenalice.com/game.php?id=895665"]
[Date "2011.2.4"]
[Round "1"]
[White "Donyelko"]
[Black "Abilio"]
[Result "0-1"]
[WhiteElo "2005"]
[BlackElo "2095"]

1. e4 e5 2. Nf3 Nf6 3. Nxe5 Qe7 4. Nf3 Nc6 5. Nc3 d5 6. Bb5 dxe4 7. Nd4 Qd7 8.
Nxc6 bxc6 9. Ba4 Ba6 10. Ne2 Bc5 11. O-O O-O 12. Bb3 Rad8 13. a3 Ng4 14. c4 Nxf2
15. Rxf2 Bxf2+ 16. Kxf2 e3+ 17. Ke1 Qf5 18. Nf4 Qxf4 19. Qf3 exd2+ 0-1

[Event "AUTO-MASTER-1337"]
[Site "http://www.queenalice.com/game.php?id=895666"]
[Date "2011.2.4"]
[Round "1"]
[White "Abilio"]
[Black "SacrificioDeRei"]
[Result "1-0"]
[WhiteElo "2126"]
[BlackElo "2131"]

1. e4 e5 2. Nf3 Nc6 3. Bb5 a6 4. Bxc6 dxc6 5. O-O Bg4 6. h3 Bxf3 7. Qxf3 Nf6 8.
d3 Be7 9. Qg3 Qd6 10. Nd2 O-O 11. Nc4 Qe6 12. Qxe5 Qd7 13. Qg3 Kh8 14. Ne5 Qe6
15. Nf3 Rac8 16. Nd4 Qd7 17. Nf5 Rg8 18. Bg5 h6 19. Qh4 Rce8 20. Rfe1 Nh7 21.
Bxe7 1-0

[Event "AUTO-MASTER-1337"]
[Site "http://www.queenalice.com/game.php?id=895667"]
[Date "2011.2.4"]
[Round "1"]
[White "SacrificioDeRei"]
[Black "Abilio"]
[Result "1-0"]
[WhiteElo "2074"]
[BlackElo "2146"]

1. e4 e5 2. Nf3 Nc6 3. Bb5 Nf6 4. O-O Bc5 5. Qe2 O-O 6. c3 Re8 7. Rd1 a6 8. Ba4
d6 9. d4 exd4 10. cxd4 Rxe4 11. Be3 Bb4 12. Bc2 Re8 13. Nc3 h6 14. Qd3 Bg4 15.
Bd2 Bh5 16. Be3 Ba5 17. a3 Bxc3 18. bxc3 Bg6 19. Qd2 Ne5 20. dxe5 dxe5 21. Qxd8
Raxd8 22. Rxd8 Rxd8 23. Bxg6 e4 24. Bxf7+ Kxf7 25. Ne5+ Ke6 26. Nc4 Rd3 27. Rc1
Ng4 28. Bf4 b5 29. Na5 c5 30. Nb3 Kd5 31. h3 Nf6 32. Be3 Nd7 33. Nd2 Nb6 34. Kf1
Nc4 35. Ke2 Nxe3 36. fxe3 c4 37. Nf1 g6 38. Ng3 h5 39. Nh1 Ke5 40. Nf2 Rd5 41.
Rd1 Rxd1 42. Kxd1 g5 43. Kc2 Kd5 44. Kb2 Ke5 45. a4 bxa4 46. Ka3 1-0

[Event "AUTO-MASTER-1337"]
[Site "http://www.queenalice.com/game.php?id=943413"]
[Date "2011.5.28"]
[Round "2"]
[White "Alligator427"]
[Black "Abilio"]
[Result "1-0"]
[WhiteElo "2243"]
[BlackElo "2145"]

1. d4 d5 2. c4 e6 3. Nc3 Nf6 4. Bg5 Bb4 5. Nf3 O-O 6. e3 a6 7. Qc2 h6 8. Bh4 g5
9. Bg3 dxc4 10. Bxc4 b5 11. Bd3 Bb7 12. O-O Bd6 13. Ne5 Nbd7 14. a3 Qe7 15. f4
Nh5 16. Ne4 Nxg3 17. Nxg3 gxf4 18. exf4 Nf6 19. Rae1 c5 20. f5 c4 21. Be4 Bxe4
22. Nxe4 Bxe5 23. dxe5 Nxe4 24. Qxe4 exf5 25. Rxf5 Rad8 26. Rf6 Qc5+ 27. Kh1 Qd5
28. Qh4 Qd4 29. Qg3+ Kh7 30. Ref1 Rg8 31. Rxf7+ Kh8 32. Qh3 Qd2 33. e6 Rd3 34.
R7f3 Rxf3 35. Qxf3 Qxb2 36. e7 Qg7 37. Re1 Re8 38. Qe3 c3 39. Qe4 Qf6 40. Qd5 c2
41. Qd7 Qf7 42. Qd2 Qf6 43. Qxc2 Qxe7 44. Rxe7 Rxe7 45. Qc8+ 1-0

[Event "AUTO-MASTER-1337"]
[Site "http://www.queenalice.com/game.php?id=943414"]
[Date "2011.5.28"]
[Round "2"]
[White "Abilio"]
[Black "Alligator427"]
[Result "1-0"]
[WhiteElo "2132"]
[BlackElo "2279"]

1. e4 c5 2. Nf3 Nc6 3. d4 cxd4 4. Nxd4 Nf6 5. Nc3 e5 6. Nxc6 bxc6 7. Bc4 Bb4 8.
O-O Bxc3 9. bxc3 Nxe4 10. Qg4 d5 11. Qxg7 Qf6 12. Qxf6 Nxf6 13. Bd3 O-O 14. f3
Be6 15. Re1 Nd7 16. Ba3 Rfe8 17. Bd6 f6 18. Ba6 Nb6 19. Bb7 Rad8 20. Bc7 Rd7 21.
Bxc6 Rxc7 22. Bxe8 Rxc3 23. Re2 Bf5 24. Rc1 d4 25. Rf2 d3 26. g4 e4 27. gxf5 e3
28. Rg2+ Kf8 29. Bb5 d2 30. Rd1 Rxc2 31. Kf1 Nd5 32. Ba4 Rc1 33. Ke2 Nf4+ 34.
Kxe3 Nxg2+ 35. Kxd2 Rxd1+ 36. Bxd1 Nh4 37. f4 Ng2 38. Bf3 Nxf4 39. h4 Ke7 40.
Ke3 Nh3 41. Bg4 Ng5 42. hxg5 fxg5 43. Ke4 1-0

[Event "AUTO-MASTER-1337"]
[Site "http://www.queenalice.com/game.php?id=943417"]
[Date "2011.5.28"]
[Round "2"]
[White "Abilio"]
[Black "TriGuy"]
[Result "1/2-1/2"]
[WhiteElo "2140"]
[BlackElo "2302"]

1. e4 c6 2. Nf3 d5 3. exd5 cxd5 4. Bb5+ Bd7 5. Nc3 Bxb5 6. Nxb5 Nc6 7. O-O e6 8.
d3 a6 9. Nbd4 Bd6 10. Nxc6 bxc6 11. Re1 Nf6 12. Ne5 O-O 13. Bf4 Qc7 14. Qf3 Nd7
15. Nxd7 Qxd7 16. Bxd6 Qxd6 17. Re2 c5 18. Rae1 Rab8 19. b3 a5 20. Re5 a4 21.
Rg5 axb3 22. cxb3 Ra8 23. Re2 Ra3 24. Rd2 Rfa8 25. Qe2 Qa6 26. Rg4 g6 27. b4
Rxa2 28. g3 Rxd2 29. Qxd2 Qb5 30. bxc5 Qxc5 31. Rb4 Ra1+ 32. Kg2 Qc1 33. Qxc1
Rxc1 34. Kf3 Kg7 35. h4 Re1 36. Rb7 h6 37. Ra7 g5 38. h5 Rd1 39. Ke2 Rb1 40. f3
Kf6 41. g4 Rb2+ 42. Ke3 Ke5 43. d4+ Kf6 44. Rd7 Rb3+ 45. Ke2 Rb8 46. Ke3 Re8 47.
Rc7 Re7 48. Rc3 Kg7 49. Rc8 f5 50. gxf5 exf5+ 51. Kf2 g4 52. Rd8 gxf3 53. Kxf3
Kf6 54. Rxd5 Kg5 55. Re5 Rxe5 56. dxe5 Kxh5 57. e6 Kg6 58. e7 Kf7 59. Kf4 Kxe7
60. Kxf5 h5 61. Kg5 h4 62. Kxh4 Ke6 1/2-1/2

[Event "AUTO-MASTER-1337"]
[Site "http://www.queenalice.com/game.php?id=943418"]
[Date "2011.5.28"]
[Round "2"]
[White "TriGuy"]
[Black "Abilio"]
[Result "1-0"]
[WhiteElo "2294"]
[BlackElo "2148"]

1. b3 Nf6 2. Bb2 e6 3. e3 Bb4 4. Nf3 d5 5. a3 Bd6 6. Be2 O-O 7. O-O Nc6 8. c4
dxc4 9. Bxc4 e5 10. d4 exd4 11. Nxd4 Nxd4 12. Qxd4 c5 13. Qd1 Ng4 14. g3 Ne5 15.
Be2 Bh3 16. Re1 Qe7 17. Nd2 Rad8 18. Qc2 Rfe8 19. Nc4 Nxc4 20. Qxc4 Be6 21. Qc2
f6 22. Bc4 Be5 23. Bxe5 fxe5 24. Bxe6+ Qxe6 25. Qxc5 Qxb3 26. Qxa7 Qf7 27. a4
Rd2 28. Rf1 Rf8 29. e4 Qe7 30. Qb6 Rf4 31. Qe3 Qd7 32. gxf4 Rd3 33. Qe2 exf4 34.
Rfd1 Rd4 35. Rxd4 Qxd4 36. Rc1 Qxa4 37. Qc4+ Qxc4 38. Rxc4 Kf7 39. Rc7+ Kf6 40.
Rxb7 h6 41. Rb5 g5 42. Kg2 Kg6 43. h4 gxh4 44. Kh3 Kf6 45. Kxh4 Kg7 46. Kh5 Kf8
47. Rb7 Ke8 48. Kxh6 Kd8 49. e5 Kc8 50. Ra7 f3 51. e6 Kd8 52. Kg7 Ke8 53. Kf6
1-0

[Event "AUTO-MASTER-1490"]
[Site "http://www.queenalice.com/game.php?id=982314"]
[Date "2011.9.7"]
[Round "1"]
[White "oaitsabes"]
[Black "Abilio"]
[Result "0-1"]
[WhiteElo "2028"]
[BlackElo "2145"]

1. f4 Nf6 2. Nf3 e6 3. e3 Be7 4. d4 O-O 5. Bd3 d5 6. Nbd2 Ng4 7. Qe2 Nc6 8. a3
f6 9. O-O e5 10. Bb5 e4 11. Ne1 Qd7 12. c4 a6 13. Ba4 Nxd4 14. exd4 Qxa4 15. b3
Qa5 16. h3 Qc3 17. Rb1 Qxd4+ 18. Kh1 Qe3 19. Qxe3 Nxe3 20. Rf2 Nd1 21. Rf1 e3
22. Ndf3 e2 23. Rg1 dxc4 24. bxc4 Bc5 25. Nd3 Bxg1 26. Kxg1 b6 27. Bd2 Rd8 28.
Nde1 Bb7 29. Bb4 a5 30. Bc5 Bxf3 31. Bf2 Be4 32. Rc1 Rd2 33. g3 Ra2 34. c5 b5
0-1

[Event "AUTO-MASTER-1490"]
[Site "http://www.queenalice.com/game.php?id=982315"]
[Date "2011.9.7"]
[Round "1"]
[White "Abilio"]
[Black "oaitsabes"]
[Result "1-0"]
[WhiteElo "2136"]
[BlackElo "2048"]

1. e4 e6 2. Nc3 c5 3. Nf3 Nc6 4. Bc4 Nf6 5. O-O Be7 6. e5 Ng4 7. Re1 O-O 8. h3
Nh6 9. d4 cxd4 10. Nxd4 Nxd4 11. Qxd4 Nf5 12. Qg4 Kh8 13. Bf4 d5 14. Bd3 g6 15.
a4 h5 16. Qf3 Ng7 17. Nb5 Kg8 18. Nd6 Nf5 19. Bxf5 exf5 20. Bh6 Bxd6 21. exd6
Re8 22. Rxe8+ Qxe8 23. Qc3 f6 24. Qxf6 Qf7 25. Qd8+ Kh7 26. Bf4 Qe6 27. Qf8 b6
28. Ra3 Bb7 29. Qh6+ Kg8 30. Rg3 Kf7 31. Qh7+ 1-0

[Event "AUTO-MASTER-1490"]
[Site "http://www.queenalice.com/game.php?id=982328"]
[Date "2011.9.7"]
[Round "1"]
[White "capaputi"]
[Black "Abilio"]
[Result "0-1"]
[WhiteElo "2243"]
[BlackElo "2153"]

1. e4 Nc6 2. d4 d5 3. Nc3 dxe4 4. d5 Ne5 5. Nxe4 e6 6. Bf4 Ng6 7. Bg3 exd5 8.
Nc3 c6 9. Nf3 Bb4 10. Be2 Nf6 11. O-O O-O 12. Bd3 Nh5 13. Nd4 Nhf4 14. Bxg6 fxg6
15. Nce2 Nxe2+ 16. Qxe2 Re8 17. Qd3 Qf6 18. c3 Bc5 19. Rfe1 Bd7 20. f3 Qg5 21.
Rad1 a5 22. Qd2 Qxd2 23. Rxd2 Rxe1+ 24. Bxe1 Re8 25. Bf2 a4 26. b4 Bf8 27. a3
Kf7 28. g4 g5 29. Bg3 Re3 30. Rc2 c5 31. bxc5 Bxc5 32. Bf2 Bxd4 33. cxd4 Rxa3
34. Kg2 Rb3 35. Be3 Rxe3 0-1

[Event "AUTO-MASTER-1490"]
[Site "http://www.queenalice.com/game.php?id=982329"]
[Date "2011.9.7"]
[Round "1"]
[White "Abilio"]
[Black "capaputi"]
[Result "0-1"]
[WhiteElo "2168"]
[BlackElo "2228"]

1. e4 g6 2. Nc3 Bg7 3. Nf3 c5 4. Bc4 Nc6 5. O-O d6 6. d3 Nf6 7. d4 Bg4 8. dxc5
Bxf3 9. Qxf3 O-O 10. cxd6 Qxd6 11. Rd1 Qb4 12. Qe2 e5 13. a3 Qb6 14. Nd5 Nxd5
15. exd5 Nd4 16. Qd3 Rac8 17. c3 Nf5 18. Qe2 Nd6 19. Be3 Qc7 20. Bd3 Rfe8 21. f3
e4 22. fxe4 Nxe4 23. Bxe4 Rxe4 24. Qf3 Rce8 25. d6 Qd7 26. Bxa7 R4e6 27. Bc5 Be5
28. b4 b5 29. Kh1 Bxd6 30. Qf1 Qc6 31. Bxd6 Rxd6 32. Rxd6 Qxd6 33. Qxb5 Re5 34.
Rf1 Rxb5 35. h3 Qg3 36. c4 Rg5 0-1

[Event "AUTO-MASTER-1490"]
[Site "http://www.queenalice.com/game.php?id=982336"]
[Date "2011.9.7"]
[Round "1"]
[White "salso"]
[Black "Abilio"]
[Result "1-0"]
[WhiteElo "2100"]
[BlackElo "2167"]

1. d4 Nf6 2. e3 e6 3. Bd3 Be7 4. Nd2 O-O 5. f4 Nd5 6. Qe2 Nb4 7. Ngf3 Nxd3+ 8.
Qxd3 Bh4+ 9. g3 Be7 10. O-O d5 11. e4 Nc6 12. c3 f6 13. e5 Bd7 14. exf6 Rxf6 15.
Ne5 Nxe5 16. fxe5 Rxf1+ 17. Qxf1 Qe8 18. Nf3 Bb5 19. Qh3 Qg6 20. a4 Bd3 21. Bf4
Rf8 22. Nh4 Qf7 23. Qg4 Bc4 24. Ng2 g5 25. h4 a5 26. hxg5 Bd6 27. g6 hxg6 28.
Nh4 g5 29. Qxg5+ Qg7 30. Qxg7+ Kxg7 31. exd6 cxd6 32. Bxd6 Rf7 33. Be5+ Kh7 34.
Ng2 Bb3 35. Nf4 Re7 36. Kf2 Bc2 37. b4 axb4 38. cxb4 Kg8 39. a5 Kf7 40. b5 Bf5
41. a6 bxa6 42. bxa6 Ra7 43. Bb8 Ra8 44. a7 Bg4 45. Nd3 Kf6 46. Ne5 Kf5 47. Nxg4
Kxg4 48. Ra6 Kf5 49. g4+ Kxg4 50. Rxe6 Kf5 51. Re5+ Kg6 52. Ke2 1-0

[Event "AUTO-MASTER-1490"]
[Site "http://www.queenalice.com/game.php?id=982337"]
[Date "2011.9.7"]
[Round "1"]
[White "Abilio"]
[Black "salso"]
[Result "1-0"]
[WhiteElo "2158"]
[BlackElo "2055"]

1. e4 e5 2. Nf3 f5 3. exf5 e4 4. Ne5 Nf6 5. Be2 d6 6. Bh5+ Ke7 7. Nf7 Qe8 8. d3
Nxh5 9. Nxh8 exd3 10. O-O Bxf5 11. Re1+ Be6 12. Qxd3 g6 13. Qd5 Kd7 14. Qxb7 Nc6
15. g4 Rb8 16. Qa6 Nf6 17. g5 Nd5 18. Qe2 Bg7 19. c4 Nb6 20. c5 Nc4 21. cxd6
cxd6 22. Nd2 Bxh8 23. Qxc4 Bxc4 24. Rxe8 Rxe8 25. Nxc4 Re4 26. Ne3 Nb4 27. Kf1
Nd3 28. Ke2 Nxc1+ 29. Rxc1 Bxb2 30. Rb1 Bd4 31. Kd3 Rh4 32. Rb4 Bxe3 33. Rxh4
Bxf2 34. Rxh7+ Ke6 35. Rg7 Kf5 36. Rf7+ 1-0

[Event "AUTO-OPEN-2690"]
[Site "http://www.queenalice.com/game.php?id=1061607"]
[Date "2012.5.19"]
[Round "1"]
[White "vindaloo"]
[Black "Abilio"]
[Result "1-0"]
[WhiteElo "1862"]
[BlackElo "2071"]

1. e4 e5 2. Nf3 Nf6 3. d4 exd4 4. Nxd4 Bc5 5. Nc3 O-O 6. Bg5 Re8 7. Qd3 h6 8.
Bh4 g5 9. Bg3 d5 10. O-O-O Nxe4 11. h4 Nxg3 12. fxg3 Nc6 13. Nf3 Nb4 14. Qb5 b6
15. Qa4 Bd7 16. Qb3 1-0

[Event "AUTO-OPEN-2690"]
[Site "http://www.queenalice.com/game.php?id=1061608"]
[Date "2012.5.19"]
[Round "1"]
[White "Abilio"]
[Black "vindaloo"]
[Result "0-1"]
[WhiteElo "2097"]
[BlackElo "1836"]

1. e4 c5 2. Nf3 d6 3. d4 cxd4 4. Nxd4 Nf6 5. Nc3 Nc6 6. Bb5 Bd7 7. O-O g6 8. f4
Bg7 9. e5 dxe5 10. fxe5 Nxe5 11. Qe2 Nc6 12. Bxc6 bxc6 13. Bf4 O-O 14. Be5 Bg4
15. Qa6 c5 0-1

[Event "AUTO-OPEN-2690"]
[Site "http://www.queenalice.com/game.php?id=1061629"]
[Date "2012.5.19"]
[Round "1"]
[White "gipmachado"]
[Black "Abilio"]
[Result "1-0"]
[WhiteElo "2019"]
[BlackElo "2127"]

1. e4 e5 2. Nf3 Nf6 3. Nxe5 Qe7 4. d4 d6 5. Nf3 Qxe4+ 6. Be2 Be7 7. O-O O-O 8.
Nc3 Qf5 9. Re1 Re8 10. Bg5 Qd7 11. Qd2 c6 12. Rad1 h6 13. Bh4 1-0

[Event "AUTO-OPEN-2690"]
[Site "http://www.queenalice.com/game.php?id=1061630"]
[Date "2012.5.19"]
[Round "1"]
[White "Abilio"]
[Black "gipmachado"]
[Result "0-1"]
[WhiteElo "2112"]
[BlackElo "2039"]

1. e4 e5 2. Nf3 Nc6 3. Bc4 Nf6 4. O-O Bc5 5. d4 Bxd4 6. Nxd4 Nxd4 7. f4 d6 8.
fxe5 dxe5 9. Bg5 Qe7 10. Na3 a6 11. c3 Nc6 12. Qf3 Be6 13. Bxe6 Qxe6 0-1

[Event "AUTO-OPEN-2690"]
[Site "http://www.queenalice.com/game.php?id=1061643"]
[Date "2012.5.19"]
[Round "1"]
[White "Abilio"]
[Black "bmax1968"]
[Result "0-1"]
[WhiteElo "2153"]
[BlackElo "2109"]

1. e4 d6 2. Nc3 Nf6 3. d4 e5 4. dxe5 dxe5 5. Qxd8+ Kxd8 6. Nf3 Bd6 7. Bc4 Ke8 8.
Be3 Be6 9. Bxe6 fxe6 10. O-O-O Kf7 11. Ng5+ Ke7 12. Rd2 h6 13. Nf3 c6 14. Rhd1
Rd8 15. Nxe5 Ne8 16. Ng6+ Kf7 0-1

[Event "AUTO-OPEN-2690"]
[Site "http://www.queenalice.com/game.php?id=1061644"]
[Date "2012.5.19"]
[Round "1"]
[White "bmax1968"]
[Black "Abilio"]
[Result "1-0"]
[WhiteElo "2122"]
[BlackElo "2140"]

1. c4 Nf6 2. Nc3 Nc6 3. g3 e5 4. Nf3 Bc5 5. Bg2 O-O 6. O-O d6 7. d3 a5 8. Rb1 h6
9. a3 Bg4 10. e3 Qd7 11. d4 exd4 12. exd4 Nxd4 13. b4 axb4 14. axb4 Bb6 15. c5
dxc5 16. bxc5 1-0